| 000 | 00708nam a2200217 a 4500 | ||
|---|---|---|---|
| 005 | 20140310183404.0 | ||
| 008 | 130326s19uu xx 00 eng d | ||
| 020 | _a9780750681100 | ||
| 050 |
_aTX 911.5 _b.Al47 2008 |
||
| 100 | _aAltinay, Levent | ||
| 245 |
_aPlanning research in hospitality and tourism / _cLevent Altinay and Alexandros Paraskevas. |
||
| 260 |
_aAmsterdam ; London : _bButterworth-Heinemann, _c2008. |
||
| 300 |
_ax, 247 p. : _bill. ; _c24 cm. |
||
| 500 | _aIncludes bibliographical references and index | ||
| 521 | _aTOU | ||
| 650 |
_aTourism _xResearch |
||
| 650 |
_aHospitality industry _xResearch |
||
| 700 | _aParaskevas, Alexandros | ||
| 942 |
_cBK _2lcc _kFOR |
||
| 999 |
_c22373 _d22373 |
||